000
00272pab a2200121 454500
008
180718b xxu||||| |||| 00| 0 eng d
100
_a
Singh, Sampooran
245
_a
Will Earth Summit heal
650
_a
Earth
650
_a
Environment
773
_a
Tribune
909
_a
21748
999
_c
21748
_d
21748